Logo BPK

Biblioteka

Politechniki Koszalińskiej

L'organisation scientifique dans lindustrie / (Rekord nr 15919)

Szczegóły MARC
000 -ETYKIETA REKORDU
podpole kontrolne o stałej długości 00315nam a2200133 i 4500
001 - NUMER KONTROLNY REKORDU
pole kontrolne bg
040 ## - ŹRÓDŁO KATALOGOWANIA
Instytucja, która utworzyła rekord BPK
041 ## - KOD JĘZYKA
Kod języka tekstu pol
008 - POLE O STAŁEJ DŁUGOŚCI - DANE KONTROLNE
podpole kontrolne o stałej długości s pl f |000 0 pol
100 1# - NAZWA OSOBOWA
Nazwa osobowa LAMBERT, R.
245 #0 - TYTUŁ/ODPOWIEDZIALNOŚĆ
Tytuł L'organisation scientifique dans lindustrie /
Pozostałe elementy strefy tytułu i oznaczenia odpowiedzialności R. Lambert.
260 ## - STREFA ADRESU WYDAWNICZEGO
Miejsce wydania Paris,
Data publikacji, dystrybucji/powstania dokumentu 1964.
942 ## - DODATKOWE ELEMENTY (KOHA)
Typ dokumentu Książka
Egzemplarze
Wycofany Status egzemplarza Uszkodzony Dostępność Lokalizacja stała Lokalizacja bieżąca Miejsce przechowywania Sygnatura Kod kreskowy Typ dokumentu
      Dostępny Biblioteka Politechniki Koszalińskiej Biblioteka Politechniki Koszalińskiej Wypożyczalnia BG 19315 01704754 Książka
© 2023 Biblioteka Politechniki Koszalińskiej :: KOHA